Every Song by SR-71 - Statistics

General Stats
  • This quiz has been taken 9 times
    7 since last reset
  • The average score is 32 of 35
Answer Stats
Album Song % Correct
Now You See Inside(2000) Alive
100%
Here We Go Again(2004) All American
100%
Now You See Inside(2000) Another Night Alone
100%
Here We Go Again(2004) Axl Rose (Where Did You Go?)
100%
Here We Go Again(2004) Blood & Bourbon
100%
Now You See Inside(2000) Empty Spaces
100%
Now You See Inside(2000) Fame (What She's Wanting)
100%
Now You See Inside(2000) Go Away
100%
Here We Go Again(2004) Here We Go Again
100%
Here We Go Again(Hidden)(2004) Little Asshole
100%
Now You See Inside(2000) Non-Toxic
100%
Now You See Inside(2000) Paul McCartney
100%
Now You See Inside(2000) Right Now
100%
Tomorrow(2002) She Was Dead
100%
Here We Go Again(2004) The One
100%
Tomorrow(2002) Tomorrow
100%
Here We Go Again(2004) 15 Minute Idol
86%
Here We Go Again(2004) 1985
86%
Tomorrow(2002) Broken Handed
86%
Here We Go Again(2004) Everything
86%
Here We Go Again(2004) Gone
86%
Tomorrow(2002) Hello Hello
86%
Now You See Inside(Bonus)(2000) Last Excuse
86%
Now You See Inside(2000) Last Man on the Moon
86%
Tomorrow(2002) Lucky
86%
Here We Go Again(2004) Mosquito
86%
Tomorrow(2002) My World
86%
Now You See Inside(2000) Politically Correct
86%
Tomorrow(2002) The Best Is Yet to Come
86%
Tomorrow(2002) They All Fall Down
86%
Tomorrow(2002) Truth
86%
Now You See Inside(2000) What a Mess
86%
Here We Go Again(2004) Blue Light Special Life
71%
Tomorrow(2002) Goodbye
71%
Tomorrow(2002) In My Mind
71%
No matching quizzes found
Score Distribution
Percent of People with Each Score
Percentile by Number Answered
Your Score History
You have not taken this quiz since the last reset